[Event "15th LCC Super Rapid 2025"]
[Site "London ENG"]
[Date "2025.12.07"]
[Round "7.19"]
[White "Sammed Jaykumar, Shete"]
[Black "Czopor, Maciej"]
[Result "1-0"]
[WhiteTitle "IM"]
[BlackTitle "IM"]
[WhiteElo "2377"]
[BlackElo "2463"]
[WhiteFideId "5073421"]
[BlackFideId "21805431"]
[EventDate "2025.12.06"]

1. e4 c5 2. c3 Nf6 3. e5 Nd5 4. Nf3 e6 5. d4 cxd4 6. cxd4 b6 7. Bd2 Be7 8. h4
O-O 9. Bd3 f5 10. exf6 Nxf6 11. Qe2 a5 12. Nc3 Ba6 13. Nb5 Nc6 14. a3 Rc8 15. h5
Nd5 16. Qe4 Nf6 17. Qe2 Nd5 18. Rc1 Nf4 19. Bxf4 Rxf4 20. Qe3 Qf8 21. O-O Qf6
22. Rfe1 Rf8 23. d5 exd5 24. Nc7 d4 25. Qd2 Rxf3 26. gxf3 Bxd3 27. Qxd3 Bd6 28.
Nb5 Ne5 29. Qb3+ Kh8 30. Nxd4 Bc5 31. Rxc5 bxc5 32. Qd5 Nd3 33. Re3 Nxf2 34.
Qxc5 Nh3+ 35. Kf1 h6 36. Qe7 Nf4 37. Qxf6 Rxf6 38. Re5 d5 39. b4 axb4 40. axb4
Nd3 41. Re8+ Kh7 42. b5 Rf4 43. Ne6 Rb4 44. Rb8 Nf4 45. Nf8+ Kg8 46. Ng6+ Kf7
47. Rf8+ Ke6 48. Nxf4+ Kd6 49. Rd8+ 1-0

[Event "15th LCC Super Rapid 2025"]
[Site "London ENG"]
[Date "2025.12.07"]
[Round "7.20"]
[White "Tica, Sven"]
[Black "Southcott-Moyers, Indy"]
[Result "1/2-1/2"]
[WhiteTitle "IM"]
[BlackTitle "FM"]
[WhiteElo "2441"]
[BlackElo "2272"]
[WhiteFideId "14526948"]
[BlackFideId "488542"]
[EventDate "2025.12.06"]

1. d4 d5 2. Nf3 Nf6 3. g3 b6 4. Bg2 Bb7 5. c4 dxc4 6. Na3 e6 7. Nxc4 Bb4+ 8. Bd2
Bxd2+ 9. Qxd2 O-O 10. O-O Nbd7 11. Rac1 Rc8 12. Rfd1 Qe7 13. b4 Rfd8 14. Qb2 a6
15. a3 Ba8 16. a4 h6 17. b5 axb5 18. axb5 c5 19. Nfe5 Bxg2 20. Kxg2 Nxe5 21.
dxe5 Qb7+ 22. f3 Ne8 23. Ra1 Rd5 24. e4 Rxd1 25. Rxd1 Ra8 26. Qd2 Qa7 27. Kh3
Qe7 28. f4 Nc7 29. Qb2 Qe8 30. Nd6 Qe7 31. Ra1 Rxa1 32. Qxa1 f6 33. Kg2 fxe5 34.
Qxe5 Qd7 35. Kf3 Ne8 36. Nc4 Qd3+ 37. Ne3 Qd6 38. Nc4 Qd3+ 39. Ne3 Qd6 40. Qh5
Nc7 41. Qg6 Qd3 42. f5 exf5 43. exf5 Nxb5 44. Qe8+ Kh7 45. Qg6+ Kg8 46. Qe6+ Kh7
47. Qg6+ Kg8 48. Qe8+ Kh7 1/2-1/2

[Event "15th LCC Super Rapid 2025"]
[Site "London ENG"]
[Date "2025.12.07"]
[Round "7.21"]
[White "Bonn, Thomas"]
[Black "Jumabayev, Rinat"]
[Result "1-0"]
[BlackTitle "GM"]
[WhiteElo "2090"]
[BlackElo "2560"]
[WhiteFideId "638242"]
[BlackFideId "13702661"]
[EventDate "2025.12.06"]

1. e4 c5 2. Nf3 e6 3. g3 Nc6 4. Bg2 Nf6 5. Nc3 d5 6. exd5 exd5 7. d4 cxd4 8.
Nxd4 Bg4 9. Qd3 Bc5 10. Be3 Bxd4 11. Bxd4 Qe7+ 12. Kf1 O-O 13. Re1 Be6 14. h3
Rad8 15. Kg1 Ne4 16. a3 f5 17. Kh2 Qc7 18. f4 Rfe8 19. Ne2 Bf7 20. c3 Re6 21.
Rhf1 Rde8 22. Bg1 Rg6 23. Rf3 Rge6 24. Nd4 Nxd4 25. Qxd4 Nd2 26. Rfe3 Rxe3 27.
Rxe3 Ne4 28. Qxa7 g5 29. Bxe4 dxe4 30. fxg5 Rd8 31. Re2 f4 32. Bd4 fxg3+ 33. Kg1
Bc4 34. Re1 Qf4 35. Qb6 Rf8 36. g6 1-0

[Event "15th LCC Super Rapid 2025"]
[Site "London ENG"]
[Date "2025.12.07"]
[Round "7.22"]
[White "Jankovic, Alojzije"]
[Black "Dasgupta, Avyukt"]
[Result "1-0"]
[WhiteTitle "GM"]
[BlackTitle "CM"]
[WhiteElo "2558"]
[BlackElo "2145"]
[WhiteFideId "14505959"]
[BlackFideId "480630"]
[EventDate "2025.12.06"]

1. d4 Nf6 2. Nf3 e6 3. c4 Bb4+ 4. Bd2 Bxd2+ 5. Qxd2 b6 6. g3 Bb7 7. Bg2 O-O 8.
O-O d6 9. Qc2 Be4 10. Qc1 Bxb1 11. Rxb1 c6 12. b4 Nbd7 13. b5 cxb5 14. cxb5 Rc8
15. Qa3 Qc7 16. Rfc1 Qb8 17. Rc6 d5 18. Rbc1 Ne4 19. Qe7 Rcd8 20. h4 Rfe8 21.
Qa3 Rc8 22. Bh3 Nd6 23. Qa6 h6 24. e3 Kh8 25. Bf1 Nb7 26. Bd3 Red8 27. Kg2 Nd6
28. R1c3 Nb7 29. Rc2 Nd6 30. Qa3 Nf8 31. Rxd6 Rxc2 32. Rxd8 Rxf2+ 33. Kxf2 Qxd8
34. Ne5 Kg8 35. Qxa7 Qf6+ 36. Kg2 g5 37. h5 g4 38. Qxb6 Qe7 39. Qc5 Qd8 40. b6
f6 41. Qc7 Qa8 42. Qf7+ Kh8 43. Qxf6+ Kg8 44. Qf7+ Kh8 45. Ng6+ Nxg6 46. Qf6+
Kg8 47. Qxg6+ Kf8 48. Qxh6+ Ke7 49. Qg7+ 1-0

[Event "15th LCC Super Rapid 2025"]
[Site "London ENG"]
[Date "2025.12.07"]
[Round "7.23"]
[White "Gurevich, Artjom"]
[Black "Aghayev, Miragha"]
[Result "0-1"]
[BlackTitle "IM"]
[WhiteElo "2163"]
[BlackElo "2430"]
[WhiteFideId "2603870"]
[BlackFideId "818070"]
[EventDate "2025.12.06"]

1. d4 Nf6 2. c4 e6 3. g3 d5 4. Nf3 dxc4 5. Bg2 c5 6. O-O Nc6 7. dxc5 Qxd1 8.
Rxd1 Bxc5 9. Nbd2 c3 10. bxc3 O-O 11. Nb3 Be7 12. Nfd4 Nxd4 13. cxd4 Nd5 14. e4
Nc3 15. Re1 Bd7 16. d5 Rac8 17. Be3 b6 18. Nd4 exd5 19. exd5 Bf6 20. a3 g6 21.
Bf3 Nb5 22. Nc6 Bxc6 23. dxc6 Bxa1 24. Rxa1 Rfd8 25. Re1 Re8 26. Rd1 Red8 27.
Re1 Re8 28. a4 Nd4 29. Bg4 f5 30. Rc1 Rxc6 31. Rxc6 Nxc6 32. Bf3 Ne7 33. Be2 Rc8
34. Kf1 Kf7 35. Bb5 Ke6 36. Ke2 Nd5 37. h4 Nc3+ 38. Kd3 Nxb5 39. axb5 Kd5 0-1

[Event "15th LCC Super Rapid 2025"]
[Site "London ENG"]
[Date "2025.12.07"]
[Round "7.24"]
[White "Gasanov, Eldar"]
[Black "Richardson, John R"]
[Result "1/2-1/2"]
[WhiteTitle "GM"]
[BlackTitle "FM"]
[WhiteElo "2447"]
[BlackElo "2224"]
[WhiteFideId "14104466"]
[BlackFideId "401617"]
[EventDate "2025.12.06"]

1. d4 Nf6 2. c4 e6 3. Nf3 b6 4. Nc3 Bb7 5. Qc2 Bb4 6. a3 Bxc3+ 7. Qxc3 O-O 8. g3
d5 9. Bg2 dxc4 10. Qxc4 Nbd7 11. b4 Rc8 12. O-O c5 13. dxc5 bxc5 14. Bf4 Nb6 15.
Qa2 Bd5 16. Qb1 Na4 17. bxc5 Nxc5 18. Qb4 a5 19. Qb5 Nfe4 20. Rac1 Nb3 21. Rxc8
Qxc8 22. Qb6 Nc3 23. Qe3 Qc5 24. Re1 Qxe3 25. Bxe3 a4 26. Ne5 Rc8 27. Nd7 Bxg2
28. Kxg2 Nd5 29. Nb6 Nxb6 30. Bxb6 Rc2 31. Rd1 f6 32. Rd8+ Kf7 33. Ra8 Rc4 34.
Ra7+ Kg6 35. Be3 Na1 36. Bd2 Nc2 37. Bb4 Nxb4 38. Rxa4 Rc2 39. Rxb4 Rxe2 40. h4
h5 41. Kf3 Ra2 42. a4 Kf5 43. Rf4+ Ke5 44. Ke3 Ra3+ 45. Ke2 g5 46. Rb4 Ra2+ 47.
Ke3 Ra3+ 48. Ke2 Ra2+ 49. Kf1 Kf5 50. Kg2 e5 51. Rc4 g4 52. Rb4 Kg6 53. Rc4 Kf5
54. Rb4 Kg6 55. Rc4 1/2-1/2

[Event "15th LCC Super Rapid 2025"]
[Site "London ENG"]
[Date "2025.12.07"]
[Round "7.25"]
[White "Larchikov, Maksym"]
[Black "Badacsonyi, Stanley"]
[Result "0-1"]
[BlackTitle "FM"]
[WhiteElo "2149"]
[BlackElo "2316"]
[WhiteFideId "34120815"]
[BlackFideId "486973"]
[EventDate "2025.12.06"]

1. d4 Nf6 2. c4 c5 3. d5 b5 4. cxb5 a6 5. e3 g6 6. Nc3 Bg7 7. Nf3 O-O 8. a4 axb5
9. Bxb5 Bb7 10. O-O Na6 11. e4 e6 12. dxe6 fxe6 13. Re1 Qc7 14. Bf1 Bc6 15. Nb5
Qb8 16. Nd6 Ng4 17. g3 Nb4 18. Nb5 d5 19. exd5 Bxd5 20. Bg2 Qb7 21. Ra3 Rad8 22.
Qe2 c4 23. Ng5 Rxf2 24. Bxd5 Rxe2 25. Bxb7 Rxe1+ 26. Kg2 Rxc1 27. Nxe6 Rd2+ 28.
Kf3 h5 29. Nxg7 Re1 0-1

[Event "15th LCC Super Rapid 2025"]
[Site "London ENG"]
[Date "2025.12.07"]
[Round "7.26"]
[White "Stefanova, Antoaneta"]
[Black "Yu, Rock"]
[Result "1-0"]
[WhiteTitle "GM"]
[WhiteElo "2391"]
[BlackElo "2055"]
[WhiteFideId "2902257"]
[BlackFideId "489000"]
[EventDate "2025.12.06"]

1. d4 Nf6 2. Nf3 d5 3. e3 c5 4. b3 Nc6 5. Bb2 Bg4 6. Nbd2 cxd4 7. exd4 e6 8. h3
Bh5 9. Be2 Bd6 10. O-O O-O 11. Ne5 Bxe2 12. Qxe2 Rc8 13. c4 dxc4 14. bxc4 Qb6
15. Ndf3 Qa6 16. Rfc1 Ba3 17. Bxa3 Qxa3 18. c5 Nxe5 19. Nxe5 Rfd8 20. Rc4 Qa6
21. Qc2 Nd5 22. Ra4 Qb5 23. Rxa7 Nb4 24. Qe4 f5 25. Qxb7 Qxb7 26. Rxb7 Rxd4 27.
c6 Rd5 28. Rxb4 Rxe5 29. Rc1 Ra5 30. c7 Raa8 31. Rd4 Kf7 32. Rd7+ Kf6 33. Rc2 h5
34. h4 g5 35. g3 gxh4 36. gxh4 Ke5 37. Kg2 Kf4 38. Rc4+ Ke5 39. f4+ Kf6 40. a4
Kg6 41. Kf3 Kf6 42. Ke3 1-0

[Event "15th LCC Super Rapid 2025"]
[Site "London ENG"]
[Date "2025.12.07"]
[Round "7.27"]
[White "Finn, Peter"]
[Black "Nainys, Zanas"]
[Result "0-1"]
[WhiteTitle "CM"]
[WhiteElo "2200"]
[BlackElo "2320"]
[WhiteFideId "432156"]
[BlackFideId "12844098"]
[EventDate "2025.12.06"]

1. d4 d5 2. c4 e6 3. Nc3 Nf6 4. cxd5 exd5 5. Bg5 c6 6. e3 Nbd7 7. Bd3 Be7 8.
Nge2 Nf8 9. O-O Ne6 10. Bh4 O-O 11. Qc2 g6 12. f3 b5 13. Rad1 a6 14. Bf2 Bb7 15.
e4 dxe4 16. Nxe4 Nxe4 17. fxe4 Bh4 18. Be3 Bg5 19. Qc1 Qe7 20. Bb1 Rad8 21. Nc3
Bxe3+ 22. Qxe3 Qb4 23. d5 cxd5 24. exd5 Qc5 25. Rfe1 Qxe3+ 26. Rxe3 Nc5 27. b4
Nd7 28. a4 bxa4 29. Nxa4 Nf6 30. d6 Nd5 31. Red3 Nxb4 32. Rd4 a5 33. Nc5 Bc6 34.
Be4 Bxe4 35. Rxe4 Ra8 36. d7 Nc6 37. Rd6 Nd8 38. Re8 a4 39. Rd1 a3 40. Ra1 Ra5
41. Rxd8 Rxd8 42. Nb7 Raa8 43. Nxd8 Rxd8 44. Rxa3 Rxd7 45. h4 Kg7 46. Kh2 Rd4
47. g3 Rd6 48. Ra7 Kf6 49. Kg2 h6 50. Rb7 Ke6 51. Ra7 Rd7 52. Ra5 Kf6 53. Rb5
Re7 54. Ra5 Re5 55. Ra7 Re2+ 56. Kf3 Rb2 57. Rc7 Ra2 58. Rb7 Ra3+ 59. Kg2 Ra1
60. Rc7 Ra5 61. Rb7 Rf5 62. Ra7 Ke6 63. Ra6+ Ke5 64. Ra5+ Kf6 65. Ra6+ Kg7 66.
Rb6 Re5 67. Ra6 Re6 68. Ra7 Kf6 69. Ra5 h5 70. Rb5 Re5 71. Rb7 Rd5 72. Ra7 Ke6
73. Rb7 f6 74. Rg7 Kf5 75. Rg8 Rd2+ 76. Kf3 g5 77. hxg5 fxg5 78. Rf8+ Kg6 79.
Rg8+ Kf6 80. Rf8+ Kg7 81. Ra8 Rd6 82. Rb8 Kg6 83. Rb5 Kf6 84. Ra5 Rd3+ 85. Kg2
Re3 86. Rb5 Re5 87. Rb8 Kf5 88. Kf3 Re6 89. Rb5+ Kf6 90. Ra5 Rb6 91. Rc5 Kg6 92.
Ra5 Rb3+ 93. Kg2 Rb2+ 94. Kg1 Kf6 95. Rc5 Re2 96. Ra5 Re5 97. Ra8 Rd5 98. Rh8
Kg6 99. Kg2 Rd2+ 100. Kg1 Kf5 101. Rxh5 Kg4 102. Rh2 Rd1+ 103. Kf2 Ra1 104. Rh8
Ra2+ 105. Kf1 Kxg3 106. Rb8 Ra1+ 107. Ke2 g4 108. Rg8 Rg1 109. Rg7 Kh2 110. Ke3
g3 111. Rh7+ Kg2 112. Ra7 Re1+ 113. Kf4 Rb1 114. Rg7 Rf1+ 115. Ke3 Kh2 116. Rh7+
Kg1 117. Ra7 g2 118. Rb7 Rf5 0-1

[Event "15th LCC Super Rapid 2025"]
[Site "London ENG"]
[Date "2025.12.07"]
[Round "7.28"]
[White "Eames, Robert S"]
[Black "Timmermans, Mark"]
[Result "1/2-1/2"]
[WhiteTitle "FM"]
[BlackTitle "IM"]
[WhiteElo "2110"]
[BlackElo "2409"]
[WhiteFideId "408743"]
[BlackFideId "1026399"]
[EventDate "2025.12.06"]

1. e4 e5 2. Nf3 Nc6 3. Bc4 Nf6 4. Ng5 d5 5. exd5 b5 6. Bf1 Nxd5 7. Bxb5 Bb7 8.
Qf3 Qd7 9. O-O h6 10. Ne4 O-O-O 11. d3 a6 12. Ba4 f5 13. Ng3 g6 14. Nc3 Nb6 15.
Bxc6 Bxc6 16. Qe2 Bd6 17. a4 Qf7 18. a5 Nd5 19. Nxd5 Qxd5 20. f3 h5 21. Bg5 h4
22. Nh1 Rde8 23. Nf2 Rh5 24. c4 Qf7 25. Be3 g5 26. Rfb1 g4 27. fxg4 fxg4 28.
Qxg4+ Kb8 29. Ne4 Rg8 30. Qe2 Rh7 31. Rf1 Qe6 32. Rf6 Qe7 33. Raf1 Rhg7 34. R6f2
Bb4 35. Bd2 Bxd2 36. Qxd2 Bxe4 37. dxe4 Qc5 38. Kh1 Qxc4 39. Qd5 Qxd5 40. exd5
Kb7 41. Rf7 Rxg2 42. Rc1 Rxb2 43. Rfxc7+ Kb8 44. d6 Rd2 45. d7 Rd1+ 46. Rxd1
Kxc7 47. Rd5 Rd8 48. Rxe5 Rxd7 49. Re4 h3 50. Kg1 Rg7+ 51. Kh1 Kc6 52. Rh4 Kb5
53. Rxh3 Kxa5 54. Rh4 Kb5 55. Rh5+ Kb6 56. Rh6+ Kb7 57. h4 a5 58. Re6 Rg4 59.
Re7+ Kc6 60. Rh7 a4 61. Kh2 Kb6 62. Rh8 Rg7 63. Rb8+ Rb7 64. Ra8 Ra7 65. Rb8+
Kc5 66. Kg3 a3 67. Rb1 Ra4 68. h5 a2 69. Ra1 Kb4 70. Kf4 Ra5 71. Kg4 Kb3 72. h6
Kb2 1/2-1/2

[Event "15th LCC Super Rapid 2025"]
[Site "London ENG"]
[Date "2025.12.07"]
[Round "7.29"]
[White "Tayar, Jonathan"]
[Black "Sivanandan, Bodhana"]
[Result "1/2-1/2"]
[WhiteTitle "IM"]
[BlackTitle "WIM"]
[WhiteElo "2325"]
[BlackElo "2233"]
[WhiteFideId "2606534"]
[BlackFideId "497592"]
[EventDate "2025.12.06"]

1. e4 e5 2. Bc4 Nf6 3. d3 c6 4. Bb3 d5 5. Qe2 Bd6 6. Bg5 Be6 7. f4 dxe4 8. Bxe6
fxe6 9. Nc3 exf4 10. dxe4 e5 11. O-O-O Qe7 12. Nf3 Nbd7 13. g3 fxg3 14. hxg3
O-O-O 15. Nh4 g6 16. Qc4 Bc7 17. Rhf1 Rhf8 18. Bh6 Rfe8 19. Bg5 Qe6 20. Qe2 Rf8
21. Ng2 Rde8 22. Ne3 Nc5 23. Nc4 Nfd7 24. a3 Rxf1 25. Rxf1 Rf8 26. Rh1 Rf7 27.
Be3 b6 28. Kb1 Nb7 29. Rd1 Nd6 30. Nd2 Nf6 31. a4 Kb7 32. a5 Qg4 33. Qd3 Rd7 34.
Qf1 Ndxe4 35. a6+ Kc8 36. Ndxe4 Rxd1+ 37. Nxd1 Nxe4 38. Qf8+ Bd8 39. Nf2 Nxf2
40. Bxf2 Qd7 41. Be3 Kc7 42. Kc1 Qe7 43. Qf3 Qe6 44. b3 Qf6 45. Qe4 Qf5 46. Qc4
Qd7 47. Qg8 Qe7 48. Kb1 Kd7 49. g4 Kc8 50. g5 Qd7 51. Kc1 Kc7 52. Kb2 Qe7 53.
Kb1 Kd6 54. Kb2 Kd7 55. Kb1 Kc7 56. Kb2 Kd7 57. Kb1 1/2-1/2

[Event "15th LCC Super Rapid 2025"]
[Site "London ENG"]
[Date "2025.12.07"]
[Round "7.30"]
[White "Manole, Stefan"]
[Black "Hunt, Harriet V"]
[Result "0-1"]
[BlackTitle "IM"]
[WhiteElo "2086"]
[BlackElo "2288"]
[WhiteFideId "1203274"]
[BlackFideId "403512"]
[EventDate "2025.12.06"]

1. e4 c5 2. Nf3 a6 3. Nc3 d6 4. d4 cxd4 5. Nxd4 Nf6 6. f3 e5 7. Nb3 Be6 8. Be3
h5 9. Be2 Nbd7 10. O-O Qc7 11. Nd5 Bxd5 12. exd5 g6 13. c4 Bg7 14. Kh1 a5 15. a4
O-O 16. Bd3 Rfe8 17. Qc2 Rac8 18. Rac1 b6 19. Nd2 Nc5 20. Ne4 Ncxe4 21. Bxe4 Rb8
22. Qf2 Nd7 23. g4 hxg4 24. fxg4 Nf6 25. Qf3 Qd7 26. h3 Nxe4 27. Qxe4 Qxa4 28.
b3 Qd7 29. Rc2 Rf8 30. Rcf2 Qd8 31. g5 a4 32. bxa4 Ra8 33. h4 Rxa4 34. h5 gxh5
35. Rh2 f5 36. gxf6 Rxf6 37. Rg1 Qe8 38. Rhg2 Ra7 39. Bg5 Rg6 40. Qh4 Rf7 41.
Qxh5 Rf5 42. Qh3 Qf7 43. Be3 Rxg2 44. Kxg2 b5 45. Qg4 bxc4 0-1

[Event "15th LCC Super Rapid 2025"]
[Site "London ENG"]
[Date "2025.12.07"]
[Round "7.31"]
[White "Grutter, Tim"]
[Black "Kovalskyi, Roman"]
[Result "1-0"]
[WhiteTitle "IM"]
[WhiteElo "2399"]
[BlackElo "2208"]
[WhiteFideId "1057472"]
[BlackFideId "14184214"]
[EventDate "2025.12.06"]

1. Nf3 d5 2. g3 c5 3. Bg2 Nf6 4. O-O e6 5. d3 Nc6 6. Bf4 Bd6 7. Bxd6 Qxd6 8.
Nbd2 O-O 9. e4 Rd8 10. Qe2 dxe4 11. dxe4 e5 12. Nc4 Qc7 13. c3 b6 14. Na3 a6 15.
Rfd1 Be6 16. Ng5 Bg4 17. f3 Bd7 18. Nc4 h6 19. Nh3 Be6 20. Ne3 Ra7 21. Nf2 b5
22. Bh3 Bxh3 23. Nxh3 Qc8 24. Nf2 Rad7 25. Nf5 Ne7 26. Rxd7 Rxd7 27. Nxe7+ Rxe7
28. a4 c4 29. Qe3 Qc6 30. axb5 Qxb5 31. Qe2 Rb7 32. Nd1 Nd7 33. Ne3 Nb6 34. Rd1
Rd7 35. Rxd7 Nxd7 36. Qxc4 Qxb2 37. Qc8+ Nf8 38. Nf5 Qa3 39. Qe8 g6 40. Nxh6+
Kg7 41. Ng4 Qxc3 42. Qxe5+ Qxe5 43. Nxe5 Ne6 44. Kf2 Kf6 45. Nc6 Kg5 46. h3 f5
47. f4+ Kh5 48. Ke3 Nc5 49. exf5 gxf5 50. Ne7 a5 51. Nxf5 a4 52. g4+ Kg6 53.
Ne7+ Kf7 54. Nd5 a3 55. Nc3 Na4 56. Na2 Nb2 57. h4 Nd1+ 58. Kf3 Kg6 59. f5+ Kh6
60. g5+ Kh5 61. f6 Kg6 62. h5+ Kf7 63. Kf4 Nf2 64. Kf5 Kf8 65. g6 Nh3 66. h6 Kg8
67. f7+ Kf8 68. h7 Ke7 69. h8=Q Nf2 70. f8=B+ Kd7 71. Qd4+ Kc6 72. Qxf2 Kb7 73.
g7 Ka6 74. g8=N Kb5 75. Qc5+ Ka6 76. Nb4+ Kb7 77. Qc6+ Kb8 78. Bd6+ Ka7 79. Qa6# 1-0

[Event "15th LCC Super Rapid 2025"]
[Site "London ENG"]
[Date "2025.12.07"]
[Round "7.32"]
[White "Heaton, Paul"]
[Black "McPhillips, Joseph"]
[Result "0-1"]
[BlackTitle "IM"]
[WhiteElo "1978"]
[BlackElo "2388"]
[WhiteFideId "411116"]
[BlackFideId "422487"]
[EventDate "2025.12.06"]

1. c4 e6 2. g3 d5 3. Bg2 Nf6 4. Nf3 Be7 5. O-O O-O 6. d3 Re8 7. Nbd2 Nc6 8. a3
a5 9. b3 d4 10. Ne1 e5 11. Nc2 Bf5 12. Rb1 Qd7 13. b4 axb4 14. axb4 Bh3 15. b5
Bxg2 16. Kxg2 Nd8 17. Ra1 Ne6 18. Ba3 Ng5 19. Rh1 Qh3+ 20. Kg1 Rad8 21. Bxe7
Rxe7 22. Qf1 Qf5 23. h4 Ne6 24. Qg2 Nc5 25. Nb4 e4 26. dxe4 Ncxe4 27. Nxe4 Rxe4
28. Qf3 Qe6 29. Nd3 Qxc4 30. h5 h6 31. Rc1 Qxb5 32. Rxc7 Rde8 33. Nf4 Rb8 34.
Kg2 Qf5 35. Rhc1 b5 36. R1c5 Re5 37. Rxe5 Qxe5 38. Nd5 Qxd5 0-1

[Event "15th LCC Super Rapid 2025"]
[Site "London ENG"]
[Date "2025.12.07"]
[Round "7.33"]
[White "Willow, Jonah B"]
[Black "Murawski, Jan"]
[Result "1-0"]
[WhiteTitle "IM"]
[BlackTitle "CM"]
[WhiteElo "2472"]
[BlackElo "2225"]
[WhiteFideId "438804"]
[BlackFideId "21009287"]
[EventDate "2025.12.06"]

1. e4 e5 2. Nf3 Nc6 3. Nc3 Nf6 4. Bb5 Nd4 5. O-O Nxf3+ 6. Qxf3 c6 7. Be2 Bc5 8.
Qg3 d6 9. Qxg7 Rg8 10. Qh6 Be6 11. d3 Qe7 12. Be3 Rg6 13. Qh4 Bxe3 14. fxe3
O-O-O 15. Rf2 Rdg8 16. g3 Rg5 17. d4 exd4 18. exd4 Bg4 19. Bxg4+ Nxg4 20. Rf5
Ne3 21. Rxg5 Rxg5 22. Re1 Nxc2 23. Rf1 Ne3 24. Rf3 Nc4 25. Qxh7 Nxb2 26. Rxf7
Qd8 27. Rxb7 1-0

[Event "15th LCC Super Rapid 2025"]
[Site "London ENG"]
[Date "2025.12.07"]
[Round "7.34"]
[White "Dupuis, Denis K"]
[Black "Buckley, Graeme N"]
[Result "1-0"]
[BlackTitle "IM"]
[WhiteElo "2005"]
[BlackElo "2256"]
[WhiteFideId "452980"]
[BlackFideId "402265"]
[EventDate "2025.12.06"]

1. e4 c5 2. Nc3 Nc6 3. Bb5 Nd4 4. Nf3 a6 5. Bd3 g6 6. O-O Bg7 7. Rb1 Nc6 8. Re1
d6 9. h3 Nf6 10. Bf1 Nd7 11. Nd5 e6 12. Ne3 O-O 13. c3 Nde5 14. Nxe5 Bxe5 15.
Nc2 Bg7 16. d4 b5 17. Be3 cxd4 18. Nxd4 Bb7 19. a4 Nxd4 20. Bxd4 e5 21. Be3 Bxe4
22. Ra1 bxa4 23. Qxa4 Bb7 24. Qb4 Qc7 25. Red1 d5 26. Ra5 Rfb8 27. Bb6 Qc8 28.
Rc5 Qe6 29. Bc7 Bf8 30. Bxb8 Rxb8 31. Qa5 Bxc5 32. Qxc5 Qc6 33. Qa5 Kg7 34. c4
Qd6 35. cxd5 Bc8 36. Qc3 Bd7 37. f4 f6 38. fxe5 Qxe5 39. Qxe5 fxe5 40. Rc1 Kf7
41. Bxa6 Ke7 42. Rc2 Kd6 43. Bc4 Bf5 44. Rf2 Kc5 45. b3 h5 46. Ra2 h4 47. Ra5+
Kb4 48. Ra7 Kc3 49. Rh7 e4 50. Kf2 Kd2 51. d6 e3+ 52. Kf3 Rf8 53. Re7 Be6+ 54.
Ke4 Bxc4 55. bxc4 e2 56. Kd5 Rf5+ 57. Kc6 Rf4 58. c5 e1=Q 59. Rxe1 Kxe1 60. d7
Rd4 61. Kc7 Kf2 62. d8=Q Rxd8 63. Kxd8 Kxg2 64. c6 Kxh3 65. c7 g5 66. c8=Q+ g4
67. Qf5 Kg3 68. Qd3+ Kf2 69. Qf5+ Kg3 70. Qd3+ Kf2 71. Qd4+ Kf3 72. Qd1+ Kg3 73.
Qe1+ Kh3 74. Ke7 g3 75. Kf6 g2 76. Qe3+ Kh2 77. Qf2 Kh3 78. Qg1 Kg3 79. Qe1+ Kh3
80. Qg1 Kg3 81. Ke5 h3 82. Ke4 h2 83. Qe3+ Kh4 84. Qf2+ 1-0

[Event "15th LCC Super Rapid 2025"]
[Site "London ENG"]
[Date "2025.12.07"]
[Round "7.35"]
[White "Sagues, Vincent"]
[Black "Manmay Chopra"]
[Result "0-1"]
[BlackTitle "CM"]
[WhiteElo "1950"]
[BlackElo "2142"]
[WhiteFideId "625680"]
[BlackFideId "25649191"]
[EventDate "2025.12.06"]

1. e4 e6 2. d4 d5 3. Nd2 Be7 4. exd5 exd5 5. Bd3 Nf6 6. Ne2 O-O 7. O-O b6 8. c3
c5 9. h3 Ba6 10. Bxa6 Nxa6 11. Nf3 Nc7 12. Ne5 Ne6 13. Nf4 Bd6 14. Nxe6 fxe6 15.
Bf4 Ne4 16. Qg4 Qf6 17. Bg3 Qf5 18. Qxf5 Rxf5 19. Bh2 Raf8 20. f3 Bxe5 21. Bxe5
Nd2 22. Rf2 Nc4 23. Re1 Nxe5 24. Rxe5 Rxe5 25. dxe5 g5 26. Re2 Kg7 27. Kf2 Kg6
28. g3 Kf5 29. g4+ Kg6 30. Kg3 h5 31. h4 hxg4 32. fxg4 gxh4+ 33. Kxh4 Rf4 34.
Kh3 Kg5 35. Rg2 Re4 36. Rf2 Re3+ 37. Kg2 Kxg4 38. Rf7 Rxe5 39. Rxa7 Re2+ 40. Kf1
Rxb2 41. a4 Kf3 42. Ke1 Ke3 43. Kd1 Kd3 44. Kc1 Rc2+ 45. Kd1 Ra2 46. Ra6 Ra1# 0-1

[Event "15th LCC Super Rapid 2025"]
[Site "London ENG"]
[Date "2025.12.07"]
[Round "7.36"]
[White "Jackson, Sheila"]
[Black "Gaal, Zsoka"]
[Result "0-1"]
[WhiteTitle "WGM"]
[BlackTitle "IM"]
[WhiteElo "2022"]
[BlackElo "2383"]
[WhiteFideId "402508"]
[BlackFideId "777765"]
[EventDate "2025.12.06"]

1. e4 e6 2. d4 d5 3. Nd2 c5 4. exd5 exd5 5. Bb5+ Bd7 6. Qe2+ Qe7 7. Bxd7+ Nxd7
8. dxc5 Nxc5 9. Qxe7+ Nxe7 10. Ngf3 Nc6 11. a3 f6 12. O-O Bd6 13. b4 Ne6 14. Re1
Kf7 15. Bb2 b5 16. Nb3 a5 17. bxa5 Nxa5 18. Nxa5 Rxa5 19. Rad1 Rd8 20. Re3 Bc5
21. Rb3 d4 22. g3 g5 23. h3 h5 24. Kf1 Rd5 25. Rbd3 Ra4 26. Rb3 g4 27. hxg4 hxg4
28. Ne1 Ba7 29. Nd3 Rc4 30. Nb4 Rf5 31. Rd2 Nc5 32. Rxd4 Rxd4 33. Bxd4 Nxb3 34.
Bxa7 Nd2+ 35. Ke2 Nc4 36. Nd3 Nxa3 37. Bc5 Nc4 38. c3 Rd5 39. Bb4 Rd8 40. Bc5
Ra8 41. Nb4 Re8+ 42. Kd3 Ne5+ 43. Kc2 Rd8 44. Be3 Ke6 45. Bb6 Rd7 46. Be3 Kf5
47. Bd4 Ke4 48. Na6 Kf3 49. Nc5 Rh7 50. Nd3 Nxd3 51. Kxd3 f5 52. Be3 Rh2 53. Kd4
Rxf2 54. Bf4 Rg2 55. Kc5 Rxg3 56. Bxg3 Kxg3 57. Kxb5 f4 58. c4 f3 59. c5 f2 60.
c6 f1=Q+ 0-1

[Event "15th LCC Super Rapid 2025"]
[Site "London ENG"]
[Date "2025.12.07"]
[Round "7.37"]
[White "Maier, Christian"]
[Black "Blake, J Morgan"]
[Result "1-0"]
[WhiteTitle "IM"]
[BlackTitle "CM"]
[WhiteElo "2192"]
[BlackElo "2065"]
[WhiteFideId "4601955"]
[BlackFideId "423394"]
[EventDate "2025.12.06"]

1. e4 e6 2. d4 d5 3. Nc3 Nf6 4. exd5 exd5 5. Bg5 Be7 6. Bd3 Bg4 7. Nge2 Nc6 8.
f3 Bh5 9. a3 Bg6 10. Bxg6 hxg6 11. Qd3 Qd7 12. O-O-O O-O-O 13. h4 Ne8 14. Bxe7
Nxe7 15. g4 Nd6 16. b3 Rde8 17. Nf4 c6 18. Kb2 Kb8 19. Rde1 Qc7 20. Qd2 Nec8 21.
h5 Nb6 22. Ka2 g5 23. Nd3 f6 24. Nc5 Qf7 25. f4 f5 26. fxg5 Rxe1 27. Qxe1 Re8
28. Qf2 f4 29. h6 gxh6 30. gxh6 Ne4 31. Qf3 Ng5 32. Qd3 Rh8 33. Rh5 Qf6 34. a4
a5 35. Ne2 f3 36. Ng3 Rxh6 37. Rxh6 Qxh6 38. Qe3 Qf6 39. Nf5 Ka7 40. Qf4 1-0